[Event "Manizales op 26th"]
[Site "Manizales"]
[Date "2017.01.05"]
[Round "3"]
[White "Garcia Pantoja, Roberto"]
[Black "Molina, Gildardo"]
[Result "1-0"]
[WhiteElo "2473"]
[BlackElo "2030"]
[PlyCount "95"]
[EventDate "2017.01.04"]
[EventType "swiss"]
[EventRounds "9"]
[EventCountry "COL"]
[SourceTitle "CBM 176 Extra"]
[Source "ChessBase"]
[SourceDate "2017.03.02"]
[SourceVersion "1"]
[SourceVersionDate "2017.03.02"]
[SourceQuality "1"]

1. e4 e5 2. Nf3 Nc6 3. Bb5 a6 4. Ba4 Nf6 5. 0-0 Be7 6. Re1 b5 7. Bb3 0-0 8. a4 Bb7 9. d3 d6 10. Nc3 b4 11. Nd5 Nxd5 12. Bxd5 Na5 13. Ba2 c5 14. Bd2 Rc8 15. h3 Kh8 16. c3 Nc6 17. Bd5 a5 18. Qb3 Kg8 19. Rad1 Qc7 20. Nh2 Nd8 21. Bc4 Kh8 22. Nf1 Bc6 23. Ng3 Bd7 24. Bd5 Be6 25. Rf1 Qd7 26. f4 Bh4 27. Bxe6 fxe6 28. Ne2 Nc6 29. Qc4 d5 30. Qb3 dxe4 31. dxe4 Qd3 32. Nc1 Qxe4 33. Qxe6 Rfe8 34. Qg4 Bf6 35. f5 Qc2 36. Bg5 bxc3 37. bxc3 Qxc3 38. Rd6 e4 39. Bxf6 gxf6 40. Qh4 Qe3+ 41. Kh1 Qg5 42. Qxg5 fxg5 43. Ne2 Ne5 44. f6 Nc4 45. Rd7 Ne3 46. Rb1 Rcd8 47. Rxd8 Rxd8 48. Nc3 1-0

[Event "Villamaria op 2nd"]
[Site "Villamaria"]
[Date "2016.07.03"]
[Round "3"]
[White "Molina, Gildardo"]
[Black "Solarte Quintero, Agustin"]
[Result "1/2-1/2"]
[WhiteElo "2016"]
[BlackElo "1879"]
[PlyCount "28"]
[EventDate "2016.07.02"]
[EventType "swiss"]
[EventRounds "7"]
[EventCountry "COL"]
[SourceTitle "CBM 173 Extra"]
[Source "ChessBase"]
[SourceDate "2016.08.29"]
[SourceVersion "1"]
[SourceVersionDate "2016.08.29"]
[SourceQuality "1"]

1. e4 e6 2. d4 d5 3. Nc3 Nf6 4. Bg5 dxe4 5. Nxe4 Be7 6. Bxf6 Bxf6 7. Nf3 Nc6 8. c3 Bd7 9. Bd3 Be7 10. 0-0 Bd6 11. Qe2 Ne7 12. Nfg5 Ng6 13. Qh5 Qe7 14. Nxd6+ Qxd6 1/2-1/2

[Event "Manizales Castro Memorial"]
[Site "Manizales"]
[Date "2015.12.18"]
[Round "2"]
[White "Molina, Gildardo"]
[Black "Jaramillo Duque, David"]
[Result "1-0"]
[WhiteElo "2052"]
[BlackElo "1759"]
[PlyCount "61"]
[EventDate "2015.12.17"]
[EventType "swiss"]
[EventRounds "7"]
[EventCountry "COL"]
[SourceTitle "CBM 170 Extra"]
[Source "ChessBase"]
[SourceDate "2016.02.25"]
[SourceVersion "1"]
[SourceVersionDate "2016.02.25"]
[SourceQuality "1"]

1. e4 e5 2. Nf3 Nc6 3. Bc4 Nf6 4. Nc3 Nxe4 5. 0-0 Nxc3 6. dxc3 Bc5 7. Ng5 Rf8 8. Nxh7 Qh4 9. Bd3 f6 10. Bg6+ Kd8 11. Nxf8 Bxf8 12. Re1 Ne7 13. Re4 Qh8 14. Bf7 d6 15. g3 g6 16. Be3 Qg7 17. Bb3 Bf5 18. Ra4 Nc6 19. Bd5 Qd7 20. Rh4 Bg7 21. b4 a6 22. a4 Rb8 23. Qd2 Ne7 24. Rh7 Nxd5 25. Qxd5 Be6 26. Qd2 Bg8 27. Rh4 g5 28. Bxg5 fxg5 29. Qxg5+ Qe7 30. Rg4 Be6 31. Qxe7+ 1-0